000 00455nam a22001697a 4500
005 20221219151715.0
008 221219b |||||||| |||| 00| 0 eng d
020 _a978-938399-49-2
041 _aeng
082 _a60.72-SIN-C
100 _aRATHORE , SANJAY SINGH AND SHEKHAWAT , KAPILA
_97394
245 _aCLIMATE SMART AGRONOMY
250 _a1st ed.
260 _aNEW DELHI
_bBHAVYA BOOKS PUBLICATIONS
_c2022
300 _a260;P.
942 _cBK
999 _c8116
_d8114